00556nam a2200169 i 4500001000300000100002800003245008300031260002100114040000800135041000800143080002300151942000700174008004100181999001700222856009800239952004900337bg1 aBOCHEŃSKI, Aleksander 0aWędrówki po dziejach przemysłu polskiego /cAleksander Bocheński. Cz.3. aWarszawa,c1971. cBPK apol a62+66/69(438)(091) cKS s pl f |000 0 pol  c21015d21015 uhttp://koha.tu.koszalin.pl/cgi-bin/koha/opac-detail.pl?biblionumber=21015yKatalog online BPK 00104070aBPKbBPKcwo29506p01039993yKS